| 000 | 00441nam a2200193Ia 4500 | ||
|---|---|---|---|
| 005 | 20240823023617.0 | ||
| 008 | 240823s9999||||xx |||||||||||||| ||und|| | ||
| 020 | _a0-19-567153-8 | ||
| 041 | _aENGLISH | ||
| 082 | _A624.1834 P9 | ||
| 100 | _aSanthakumar A R | ||
| 245 | 0 | _aConcrete Technology | |
| 250 | _a1st | ||
| 260 |
_c2009 _bOxford Higher Educ |
||
| 500 | _aYES | ||
| 650 |
_aConcrete _bCivil |
||
| 942 | _cBK | ||
| 999 |
_c181957 _d181957 |
||